=LDR 00000nam 2200000 4500 =001 INLIS000000000027543 =005 20130612125918 =008 ***********************************Ind** =035 ##$$0010-061300000027543 =041 ##$$a Ind =082 ##$$a F Rom D =090 ##$$a F Rom D, Ade c =100 ##$$a Ade =245 ##$$a Cinta Bieru, Ade s =260 ##$$a 2006 $b Yogyakarta =300 ##$$a 180 hlm, 20,5 cm =650 ##$$a Fiksi Roman Dewasa =850 ##$$a NBPNMAT